The story of San Michele / (Record no. 2280)
[ view plain ]
| 000 -LEADER | |
|---|---|
| fixed length control field | 00649nam a2200205 ar4500 |
| 001 - CONTROL NUMBER | |
| control field | 2282 |
| 005 - DATE AND TIME OF LATEST TRANSACTION | |
| control field | 20221127090416.0 |
| 008 - FIXED-LENGTH DATA ELEMENTS--GENERAL INFORMATION | |
| fixed length control field | 101107s xxk 0001fdeng d |
| 020 ## - INTERNATIONAL STANDARD BOOK NUMBER | |
| International Standard Book Number | 9780719566998(pbk) : |
| Terms of availability | SR59.00 |
| 082 04 - DEWEY DECIMAL CLASSIFICATION NUMBER | |
| Classification number | 839.7364 |
| Item number | M929 2004 |
| 100 1# - MAIN ENTRY--PERSONAL NAME | |
| Personal name | Munthe, Axel, |
| Dates associated with a name | 1857-1952. |
| 245 14 - TITLE STATEMENT | |
| Title | The story of San Michele / |
| Statement of responsibility, etc. | Axel Munthe. |
| 260 ## - PUBLICATION, DISTRIBUTION, ETC. | |
| Place of publication, distribution, etc. | London : |
| Name of publisher, distributor, etc. | John Murray, |
| Date of publication, distribution, etc. | 2004. |
| 300 ## - PHYSICAL DESCRIPTION | |
| Extent | vi, 358 p. ; |
| Dimensions | 20 cm. |
| 500 ## - GENERAL NOTE | |
| General note | Originally published : 1929. |
| 650 #4 - SUBJECT ADDED ENTRY--TOPICAL TERM | |
| Topical term or geographic name entry element | Adventure stories. |
| 650 #4 - SUBJECT ADDED ENTRY--TOPICAL TERM | |
| Topical term or geographic name entry element | Swedish fiction |
| Chronological subdivision | 19th century. |
| 650 #4 - SUBJECT ADDED ENTRY--TOPICAL TERM | |
| Topical term or geographic name entry element | Swedish fiction |
| General subdivision | Translations into English. |
| 650 #4 - SUBJECT ADDED ENTRY--TOPICAL TERM | |
| Topical term or geographic name entry element | Physicans |
| Geographic subdivision | Europe |
| Form subdivision | Biography. |
| Withdrawn status | Lost status | Source of classification or shelving scheme | Damaged status | Not for loan | Home library | Current library | Date acquired | Total Checkouts | Full call number | Barcode | Date last seen | Copy number | Price effective from | Koha item type |
|---|---|---|---|---|---|---|---|---|---|---|---|---|---|---|
| 11/27/2022 | 839.7364 M929 2004 | 1000000009832 | 11/27/2022 | C1 | 11/27/2022 | Book | ||||||||
| 11/27/2022 | 839.7364 M929 2004 | 1000000009822 | 11/27/2022 | C2 | 11/27/2022 | Book |
